Entrada Encabezamiento temático
Número de registros utilizados en: 1
001 - NÚMERO DE CONTROL
- campo de control: 13544
003 - IDENTIFICADOR DEL NÚMERO DE CONTROL
- campo de control: vecauma
005 - FECHA Y HORA DE LA ÚLTIMA TRANSACCIÓN
- campo de control: 20251013184729.0
008 - DATOS DE LONGITUD FIJA
- campo de control de longitud fija: 251013|| aca||aabn | a|a d
040 ## - FUENTE DE LA CATALOGACIÓN
- Centro catalogador/agencia de origen: vecauma
150 ## - Materia
- Encabezamiento temático: SISTEMAS DE TRANSMISION DE DATOS
450 ## - REFERENCIA DE “VEASE” MATERIA
- Encabezamiento temático: Data transmission systems
450 ## - REFERENCIA DE “VEASE” MATERIA
- Encabezamiento temático: Sistemas de comunicación de datos
450 ## - REFERENCIA DE “VEASE” MATERIA
- Encabezamiento temático: Transmisión de datos
550 ## - REFERENCIA DE "VEASE ADEMAS" MATERIA
- Encabezamiento temático: COMUNICACIONES DIGITALES
550 ## - REFERENCIA DE "VEASE ADEMAS" MATERIA
- Encabezamiento temático: SISTEMAS DE TELECOMUNICACION
550 ## - REFERENCIA DE "VEASE ADEMAS" MATERIA
- Encabezamiento temático: TELECOMUNICACIONES
670 ## - FUENTE EN LA QUE SE LOCALIZARON DATOS
- Cita de la fuente: Catálogo de Autoridades de la Biblioteca Nacional de España,
- Información localizada: (Sistemas de transmisión de datos)
670 ## - FUENTE EN LA QUE SE LOCALIZARON DATOS
- Cita de la fuente: Catálogo de Autoridades de la Biblioteca del Congreso (LCSH),
- Información localizada: (Data transmission systems)
